000
00323nam a22001337a 4500
008
221003b ||||| |||| 00| 0 eng d
020
_a
9780761521815
041
_a
eng
080
_2
REVISED 2and Edition
_a
612.39
_x
612.39
100
_a
16.2
101
_a
NUT
245
_a
POSITIVE DISCIPLINE
_c
NELSEN J
942
_2
udc
_c
BK
999
_c
58328
_d
58328